Gulfport–Biloxi Int. Airport Destinations (Gulfport, MS, USA) - Statistics

General Stats
  • This quiz has been taken 72 times
    31 since last reset
  • The average score is 6 of 8
Answer Stats
Airline Destination % Correct
Delta Air Lines Atlanta
100%
American Eagle Dallas/Fort Worth
100%
American Eagle Charlotte
91%
United Express Houston (Intercontinental)
91%
Sun Country Airlines Minneapolis/St. Paul
68%
Breeze Airways Orlando
68%
Breeze Airways Las Vegas
45%
Breeze Airways Tampa
41%
No matching quizzes found
Score Distribution
Percent of People with Each Score
Percentile by Number Answered
Your Score History
You have not taken this quiz since the last reset